Learn to do Math with Soroban: a Japanese Abacus (Record no. 615110)

000 -LEADER
fixed length control field 00406nam a22001457a 4500
020 ## - INTERNATIONAL STANDARD BOOK NUMBER
International Standard Book Number 9781537163291
082 ## - DEWEY DECIMAL CLASSIFICATION NUMBER
Classification number 513.2
Author Mark SAI
100 ## - MAIN ENTRY--PERSONAL NAME
Personal name SAI Speed Math Academy
245 ## - TITLE STATEMENT
Title Learn to do Math with Soroban: a Japanese Abacus
260 ## - PUBLICATION, DISTRIBUTION, ETC.
Place of publication, distribution, etc. USA:
Name of publisher, distributor, etc. CreateSpace Independent Publishing Platform,
Date of publication, distribution, etc. 2022.
300 ## - PHYSICAL DESCRIPTION
Extent 154p.
563 ## - BINDING INFORMATION
Binding note P.B
650 ## - SUBJECT ADDED ENTRY--TOPICAL TERM
Topical term or geographic name entry element Japanese Abacus
942 ## - ADDED ENTRY ELEMENTS (KOHA)
Source of classification or shelving scheme
Koha item type Lincoln Corner
650 ## - SUBJECT ADDED ENTRY--TOPICAL TERM
-- 131028
Holdings
Withdrawn status Lost status Source of classification or shelving scheme Damaged status Not for loan Permanent Location Current Location Shelving location Date acquired Total Checkouts Full call number Barcode Date last seen Price effective from Koha item type
          Central Library (CL) Central Library (CL) General Stacks 10/08/2025   513.2 SAI LC-519 10/08/2025 10/08/2025 Book
© 2023 Central Library, National University of Sciences and Technology. All Rights Reserved.